La Moral como recurso político

Сохранить в:
Библиографические подробности
Главный автор: Pintos, Juan Luis
Соавтор: Universidad de Santiago de Compostela. Departamento de Sociología y Ciencia Política
Формат: Текст
Опубликовано: s.l: s.e
Предметы:
Метки: Добавить метку
Нет меток, Требуется 1-ая метка записи!

MARC

LEADER 00000 a a2200000 04500
001 27324
003
040
090 |a 186500  
100 |a Pintos, Juan Luis  
110 |a Universidad de Santiago de Compostela. Departamento de Sociología y Ciencia Política  
245 |a La Moral como recurso político  
260 |a s.l:   |b s.e  
300 |a 8 p  
650 |a VALORES SOCIALES  
650 |a POLITICA  
650 |a ETICA  
650 |a CONTROL SOCIAL  
999 |c 15111  |d 15111